Modern quantum mechanics / (رقم التسجيلة. 26788)

تفاصيل مارك
000 -الفاتح
حقل البيانات ثابتة الطول 02136cam a2200361 a 4500
001 - رقم الضبط
رقم الضبط 641998678
003 - محدد رقم الضبط
رقم الضبط OCoLC
005 - وقت وتاريخ اخر تعامل مع التسجيلة
رقم الضبط 20150408114110.0
008 - عناصر البيانات ثابتة الطول - معلومات عامة
حقل البيانات ثابتة الطول 100614r20111994maua b 001 0 eng
010 ## - رقم ضبط مكتبة الكونجرس
رقم ضبط مكتبة الكونجرس 2010022349
016 7# - رقم ضبط الوكاله الوطنية للضبط الببليوجرافي
رقم ضبط التسجيلة 015661199
المصدر Uk
020 ## - الرقم الدولى المعيارى للكتب
الرقم الدولى المعيارى للكتاب 9780805382914 (alk. paper)
020 ## - الرقم الدولى المعيارى للكتب
الرقم الدولى المعيارى للكتاب 0805382917 (alk. paper)
020 ## - الرقم الدولى المعيارى للكتب
الرقم الدولى المعيارى للكتاب 9780321503367 (pbk.)
020 ## - الرقم الدولى المعيارى للكتب
الرقم الدولى المعيارى للكتاب 0321503368 (pbk.)
035 ## - رقم ضبط النظام
رقم ضبط النظام .b6975889x
040 ## - مصدر الفهرسة
وكالة الفهرسة الأصلية DLC
وكالة النسخ DLC
وكالة التعديل YDX
-- YDXCP
-- CDX
-- BWX
-- LHU
-- HEBIS
-- SINIE
-- UKMGB
-- UtOrBLW
042 ## - رمز التحقق
رمز التحقق pcc
049 ## - المجموعات المحلية (OCLC)
مكتبة المقتنيات OSUU
050 00 - رقم طلب مكتبة الكونجرس
رقم التصنيف QC174.12
رقم المادة .S25 2011
082 00 - رقم تصنيف ديوى العشرى
رقم التصنيف 530.12
رقم الطبعة 22
رقم المادة SJMM
100 1# - المدخل الرئيسى - إسم شخصى
الإسم الشخصى Sakurai, J. J.
الشكل الأكمل للاسم (Jun John),
التواريخ المصاحبة للاسم 1933-1982.
9 (RLIN) 19457
245 10 - بيان العنوان
العنوان Modern quantum mechanics /
بيان المسئوليه,etc J.J. Sakurai, Jim Napolitano.
250 ## - بيان الطبعة
بيان الطبعة 2nd ed.
260 ## - PUBLICATION, DISTRIBUTION, ETC. (IMPRINT)
مكان الناشر او الموزع Boston :
اسم الناشر او الموزع Addison-Wesley,
تاريخ النشر أو التوزيع c2011.
300 ## - الوصف المادى
التعداد xviii, 550 p. :
تفاصيل ماديه اخرى للوعاء ill. ;
أبعاد الوعاء 24 cm.
504 ## - تبصرة ببليوجرافية
تبصرة ببليوجرافية,الخ Includes bibliographical references (p. 535-536) and index.
505 0# - تبصرة محتويات-الفهرس
تبصرة المحتويات المصاغة Fundamental Concepts -- Quantum Dynamics -- Theory of Angular Momentum -- Symmetry in Quantum Mechanics -- Approximation Methods -- Scattering Theory -- Identical Particles -- Relativistic Quantum Mechanics -- Electromagnetic Units -- Brief Summary of Elementary Solutions to Shrödinger's Wave Equation -- Proof of the Angular-Momentum Addition Rule Given by Equation (3.8.38)
520 ## - التبصرة الخاصة بالتعليق أو التلخيص
ملخص,الخ "This best-selling classic provides a graduate-level, non-historical, modern introduction of quantum mechanical concepts. The author, J. J. Sakurai, was a renowned theorist in particle theory. This revision by Jim Napolitano retains the original material and adds topics that extend the book's usefulness into the 21st century. The introduction of new material, and modification of existing material, appears in a way that better prepares readers for the next course in quantum field theory. Readerse will still find such classic developments as neutron interferometer experiments, Feynman path integrals, correlation measurements, and Bell's inequality."--pub. desc.
650 #0 - المدخل الاضافى بالموضوع-مصطلح موضوعى
مصطلح موضوعي أو اسم جغرافي كعنصر مدخل Quantum theory
التقسيم الفرعي الشكلي Textbooks.
9 (RLIN) 19458
700 1# - المدخل الاضافى - اسم شخصى
الإسم الشخصى Napolitano, Jim.
9 (RLIN) 19459
942 ## - عناصر المدخل الإضافي( كوها)
مصدر التصنيف او مخطط الترفيف Dewey Decimal Classification
Koha [default] item type DVD
المقتنيات
حالة الفقد نموذج السعر الفعال حالة تلف ليس للاعارة رقم الطلب تاريخ الاكتساب الموقع الحالي الباركود الفرع الرئيسي Date last seen نوع المادة فى نظام كوها مصدر التصنيف او خطة الترفيف Total Checkouts
  2013-03-10     530.12 SJMM 2012-12-31 المكتبة المركزية بالمجمعة (CL) 00401246 المكتبة المركزية بالمجمعة (CL) 2013-03-10 كتاب Dewey Decimal Classification  
  2013-03-10     530.12 SJM 2013-01-01 المكتبة المركزية بالمجمعة (CL) 00401590 المكتبة المركزية بالمجمعة (CL) 2013-03-10 كتاب Dewey Decimal Classification  
  2013-03-10     530.12 SJM 2013-01-01 المكتبة المركزية بالمجمعة (CL) 00401596 المكتبة المركزية بالمجمعة (CL) 2013-03-10 كتاب Dewey Decimal Classification